000 00294nam a22001337a 4500
008 171222b xxu||||| |||| 00| 0 eng d
020 _a9780810392373
041 _aeng
080 _a94
100 _a17
101 _aHIS
245 _aAFRICAN AMERICAN BIOGRAPHY
_cNAGEL,C.D
942 _2udc
_cBK
999 _c39303
_d39303